| 000 | 01032nam a2200289 i 4500 | ||
|---|---|---|---|
| 001 | bg | ||
| 100 | 1 | _aFlint, Colin. | |
| 245 | 1 | 0 |
_aWstęp do geopolityki / _cColin Flint ; z jęz. ang. tł. Jan Halbersztat. |
| 246 | 1 |
_iTyt. oryg.: _aIntroduction to geopolitics |
|
| 260 |
_aWarszawa : _bWydawnictwo Naukowe PWN, _c2008. |
||
| 300 |
_a242, [1] s. : _bil. ; _c24 cm. |
||
| 500 | _aTyt. oryg.: "Introduction to geopolitics" 2006. | ||
| 504 | _aBibliogr. przy rozdz. | ||
| 521 | 8 | _aDla studentów geografii, stosunków miedzynarodowych, politologii, a także dla wszystkich zainteresowanych współczesną geopolityką. | |
| 650 | 9 | _aGeopolityka | |
| 655 | _aPodręczniki akademickie | ||
| 700 | 1 |
_aHelbersztat, Jan. _eTł. |
|
| 020 | _a9788301155551 | ||
| 040 | _cBPK | ||
| 041 | 0 |
_apol _heng |
|
| 044 | _aPOL | ||
| 080 | _a911.3:32](075.8) | ||
| 920 | _a978-83-01-15555-1 | ||
| 942 | _cKS | ||
| 008 | s pl f |000 0 pol | ||
| 999 |
_c55848 _d55848 |
||
| 856 |
_uhttp://koha.tu.koszalin.pl/cgi-bin/koha/opac-detail.pl?biblionumber=55848 _yKatalog online BPK |
||